000 00736nam a2200217Ia 4500
003 GCL
005 20240530102929.0
008 140319s9999 xx 000 0 ara d
040 _aGCL /
_cGCL
082 0 4 _a811.69
_bق د
100 1 _aجمعة شيحة
245 1 0 _aديوان عبدالكريم القيسى الاندلسى /
_cجمعة شيحة
260 _a[S.N] :
_bالمؤسسة الوطنية للترجمة والتحقيق ،
_c1988
300 _a528 ص
650 0 4 _aالشعر العربى
650 0 4 _aالادب العربى
650 0 4 _aدواوين وقصائد
700 1 _aمحمد الهادى الطرابلسى
700 1 _aالقيسى , عبدالكريم بن محمد بن
942 _2ddc
_cBK
999 _c35456
_d35456